<?xml version="1.0" encoding="UTF-8"?>
<record
    xmlns:xsi="http://www.w3.org/2001/XMLSchema-instance"
    xsi:schemaLocation="http://www.loc.gov/MARC21/slim http://www.loc.gov/standards/marcxml/schema/MARC21slim.xsd"
    xmlns="http://www.loc.gov/MARC21/slim">

  <leader>01654nam a22002297a 4500</leader>
  <controlfield tag="008">120410t        xxu||||| |||| 00| 0 eng d</controlfield>
  <datafield tag="020" ind1=" " ind2=" ">
    <subfield code="a">0787940143</subfield>
  </datafield>
  <datafield tag="050" ind1=" " ind2=" ">
    <subfield code="a">HD69.S8C28</subfield>
  </datafield>
  <datafield tag="245" ind1=" " ind2=" ">
    <subfield code="a">Creating women's networks: a how-to guide for women and companies. /</subfield>
    <subfield code="c">Foreword by Sheila W. Wellington</subfield>
  </datafield>
  <datafield tag="250" ind1=" " ind2=" ">
    <subfield code="a">1st ed.</subfield>
  </datafield>
  <datafield tag="260" ind1=" " ind2=" ">
    <subfield code="a">San Francisco:</subfield>
    <subfield code="b">Jossey-Bass,</subfield>
    <subfield code="c">c1999.</subfield>
  </datafield>
  <datafield tag="300" ind1=" " ind2=" ">
    <subfield code="a">xiii, 185 p.:</subfield>
    <subfield code="b">ill.;</subfield>
    <subfield code="c">24cm.</subfield>
  </datafield>
  <datafield tag="440" ind1=" " ind2=" ">
    <subfield code="a">The Jossey-Bass Business and Management Series</subfield>
  </datafield>
  <datafield tag="500" ind1=" " ind2=" ">
    <subfield code="a">Includes index.</subfield>
  </datafield>
  <datafield tag="505" ind1=" " ind2=" ">
    <subfield code="a">Contents: Beginnings: Do you need a network? -- The Right roles and goals for your network: Network snapshot: a business initiative that reaches beyond members: Texas instruments -- On your mark, get set: getting organized and started network snapshot: an oasis in financial services -- Its up and running, now what?: Want real power? Build companywide support -- You've arrived! putting your plans into action: Network snapshot: growing from the grass roots: 3M -- Stay focused! keeping on track as the network ages -- What if you face real problems? How to make them conquerable challenges: Network snapshot: CEO support from the beginning: Kodak -- Resources: Catalyst's summary findings from the women's workplace network survey -- Examples from women's networks -- Dow chemical WIN change process -- Bausch and lamb's diversity checklist -- Kodak employees briefing book: selected items from a network guide -- Kimberly-Clark employee network descriptions.</subfield>
  </datafield>
  <datafield tag="650" ind1=" " ind2=" ">
    <subfield code="b">Businesswomen.</subfield>
  </datafield>
  <datafield tag="650" ind1=" " ind2=" ">
    <subfield code="b">Business networks</subfield>
  </datafield>
  <datafield tag="650" ind1=" " ind2=" ">
    <subfield code="b">Social networks</subfield>
  </datafield>
  <datafield tag="650" ind1=" " ind2=" ">
    <subfield code="b">Women</subfield>
  </datafield>
  <datafield tag="700" ind1=" " ind2=" ">
    <subfield code="a">Wellington, Sheila W. </subfield>
  </datafield>
  <datafield tag="942" ind1=" " ind2=" ">
    <subfield code="2">lcc</subfield>
    <subfield code="c">BK</subfield>
  </datafield>
  <datafield tag="999" ind1=" " ind2=" ">
    <subfield code="c">708</subfield>
    <subfield code="d">8208</subfield>
  </datafield>
  <datafield tag="952" ind1=" " ind2=" ">
    <subfield code="0">0</subfield>
    <subfield code="1">0</subfield>
    <subfield code="2">lcc</subfield>
    <subfield code="4">0</subfield>
    <subfield code="7">0</subfield>
    <subfield code="a">WIUC-1</subfield>
    <subfield code="b">WIUC-1</subfield>
    <subfield code="c">GEN</subfield>
    <subfield code="d">2012-04-10</subfield>
    <subfield code="l">0</subfield>
    <subfield code="o">HD69.S8C28</subfield>
    <subfield code="p">1624/12</subfield>
    <subfield code="r">2012-04-10 00:00:00</subfield>
    <subfield code="t">1</subfield>
    <subfield code="w">2012-04-10</subfield>
    <subfield code="y">BK</subfield>
  </datafield>
  <datafield tag="952" ind1=" " ind2=" ">
    <subfield code="0">0</subfield>
    <subfield code="1">0</subfield>
    <subfield code="2">lcc</subfield>
    <subfield code="4">0</subfield>
    <subfield code="7">0</subfield>
    <subfield code="a">WIUC-1</subfield>
    <subfield code="b">WIUC-1</subfield>
    <subfield code="c">GEN</subfield>
    <subfield code="d">2012-04-10</subfield>
    <subfield code="l">0</subfield>
    <subfield code="o">HD69.S8C281</subfield>
    <subfield code="p">1625/12</subfield>
    <subfield code="r">2012-04-10 00:00:00</subfield>
    <subfield code="t">2</subfield>
    <subfield code="w">2012-04-10</subfield>
    <subfield code="y">BK</subfield>
  </datafield>
</record>
